<?xml version="1.0" encoding="UTF-8"?>
<collection xmlns="http://www.loc.gov/MARC21/slim">
 <record>
  <leader>02573nam a22002897a 4500</leader>
  <controlfield tag="001">NCT_33666</controlfield>
  <controlfield tag="008">180427b        xxu||||| |||| 00| 0 vie d</controlfield>
  <datafield tag="999" ind1=" " ind2=" ">
   <subfield code="c">1623</subfield>
   <subfield code="d">1623</subfield>
  </datafield>
  <datafield tag="020" ind1=" " ind2=" ">
   <subfield code="a">9786046625384</subfield>
   <subfield code="c">44000</subfield>
  </datafield>
  <datafield tag="082" ind1="0" ind2="4">
   <subfield code="2">23rd ed.</subfield>
   <subfield code="a">615.8</subfield>
   <subfield code="b">B105</subfield>
  </datafield>
  <datafield tag="100" ind1="1" ind2=" ">
   <subfield code="a">Đái Duy Ban</subfield>
   <subfield code="e">Chủ biên</subfield>
  </datafield>
  <datafield tag="245" ind1="1" ind2="0">
   <subfield code="a">Đông trùng hạ thảo  một dược liệu quý hỗ trợ điều trị các bệnh virus, ung thư, hiv/aids, đái tháo đường, suy giảm tình dục... và nghiên cứu phát hiện loài đông trùng hạ thảo mới ở Việt Nam</subfield>
   <subfield code="c">Đái Duy Ban, Lưu Tham Mưu</subfield>
  </datafield>
  <datafield tag="250" ind1=" " ind2=" ">
   <subfield code="a">Tái bản lần thứ nhất có sữa chữa và bổ sung</subfield>
  </datafield>
  <datafield tag="260" ind1=" " ind2=" ">
   <subfield code="a">H.</subfield>
   <subfield code="b">Y học</subfield>
   <subfield code="c">2017</subfield>
  </datafield>
  <datafield tag="300" ind1=" " ind2=" ">
   <subfield code="a">126 tr.</subfield>
   <subfield code="b">Minh họa</subfield>
   <subfield code="c">21cm</subfield>
  </datafield>
  <datafield tag="520" ind1="3" ind2=" ">
   <subfield code="a">Sách gồm 10 chương trong đó giới thiệu khái quát về ĐTHT, thành phần hoá học, tác dụng dược lý, sử dụng chữa bệnh, cơ chế tác dụng, phương pháp nuôi cấy, một số chế phẩm hiện có bán ở Việt Nam; một số hình ảnh thu được và một số phương pháp hiệu nghiệm của GS.VS.TSKH. Đái Duy Ban áp dụng ĐTHT chữa một số bệnh.</subfield>
  </datafield>
  <datafield tag="653" ind1=" " ind2=" ">
   <subfield code="a">Y đa khoa</subfield>
  </datafield>
  <datafield tag="700" ind1="1" ind2=" ">
   <subfield code="a">Lưu Tham Mưu</subfield>
  </datafield>
  <datafield tag="942" ind1=" " ind2=" ">
   <subfield code="2">ddc</subfield>
   <subfield code="c">BK</subfield>
  </datafield>
  <datafield tag="952" ind1=" " ind2=" ">
   <subfield code="0">0</subfield>
   <subfield code="1">0</subfield>
   <subfield code="2">ddc</subfield>
   <subfield code="4">0</subfield>
   <subfield code="6">615_800000000000000_B105</subfield>
   <subfield code="7">0</subfield>
   <subfield code="9">7749</subfield>
   <subfield code="a">000001</subfield>
   <subfield code="b">000001</subfield>
   <subfield code="d">2018-04-27</subfield>
   <subfield code="l">1</subfield>
   <subfield code="o">615.8 B105</subfield>
   <subfield code="p">MD.12098</subfield>
   <subfield code="r">2021-04-06</subfield>
   <subfield code="s">2021-03-24</subfield>
   <subfield code="v">44000.00</subfield>
   <subfield code="w">2018-04-27</subfield>
   <subfield code="y">BK</subfield>
  </datafield>
  <datafield tag="952" ind1=" " ind2=" ">
   <subfield code="0">0</subfield>
   <subfield code="1">0</subfield>
   <subfield code="2">ddc</subfield>
   <subfield code="4">0</subfield>
   <subfield code="6">615_800000000000000_B105</subfield>
   <subfield code="7">0</subfield>
   <subfield code="9">7750</subfield>
   <subfield code="a">000001</subfield>
   <subfield code="b">000001</subfield>
   <subfield code="d">2018-04-27</subfield>
   <subfield code="o">615.8 B105</subfield>
   <subfield code="p">MD.12099</subfield>
   <subfield code="r">2018-04-27</subfield>
   <subfield code="v">44000.00</subfield>
   <subfield code="w">2018-04-27</subfield>
   <subfield code="y">BK</subfield>
  </datafield>
  <datafield tag="952" ind1=" " ind2=" ">
   <subfield code="0">0</subfield>
   <subfield code="1">0</subfield>
   <subfield code="2">ddc</subfield>
   <subfield code="4">0</subfield>
   <subfield code="6">615_800000000000000_B105</subfield>
   <subfield code="7">0</subfield>
   <subfield code="9">7751</subfield>
   <subfield code="a">000001</subfield>
   <subfield code="b">000001</subfield>
   <subfield code="d">2018-04-27</subfield>
   <subfield code="l">1</subfield>
   <subfield code="o">615.8 B105</subfield>
   <subfield code="p">MD.12100</subfield>
   <subfield code="r">2019-11-18</subfield>
   <subfield code="s">2019-11-08</subfield>
   <subfield code="v">44000.00</subfield>
   <subfield code="w">2018-04-27</subfield>
   <subfield code="y">BK</subfield>
  </datafield>
  <datafield tag="952" ind1=" " ind2=" ">
   <subfield code="0">0</subfield>
   <subfield code="1">0</subfield>
   <subfield code="2">ddc</subfield>
   <subfield code="4">0</subfield>
   <subfield code="6">615_800000000000000_B105</subfield>
   <subfield code="7">0</subfield>
   <subfield code="9">7752</subfield>
   <subfield code="a">000001</subfield>
   <subfield code="b">000001</subfield>
   <subfield code="d">2018-04-27</subfield>
   <subfield code="l">1</subfield>
   <subfield code="o">615.8 B105</subfield>
   <subfield code="p">MD.12101</subfield>
   <subfield code="r">2019-09-11</subfield>
   <subfield code="s">2019-08-16</subfield>
   <subfield code="v">44000.00</subfield>
   <subfield code="w">2018-04-27</subfield>
   <subfield code="y">BK</subfield>
  </datafield>
  <datafield tag="952" ind1=" " ind2=" ">
   <subfield code="0">0</subfield>
   <subfield code="1">0</subfield>
   <subfield code="2">ddc</subfield>
   <subfield code="4">0</subfield>
   <subfield code="6">615_800000000000000_B105</subfield>
   <subfield code="7">0</subfield>
   <subfield code="9">7753</subfield>
   <subfield code="a">000001</subfield>
   <subfield code="b">000001</subfield>
   <subfield code="d">2018-04-27</subfield>
   <subfield code="l">1</subfield>
   <subfield code="o">615.8 B105</subfield>
   <subfield code="p">MD.12102</subfield>
   <subfield code="r">2021-04-16</subfield>
   <subfield code="s">2021-04-06</subfield>
   <subfield code="v">44000.00</subfield>
   <subfield code="w">2018-04-27</subfield>
   <subfield code="y">BK</subfield>
  </datafield>
  <datafield tag="952" ind1=" " ind2=" ">
   <subfield code="0">0</subfield>
   <subfield code="1">0</subfield>
   <subfield code="2">ddc</subfield>
   <subfield code="4">0</subfield>
   <subfield code="6">615_800000000000000_B105</subfield>
   <subfield code="7">0</subfield>
   <subfield code="9">7754</subfield>
   <subfield code="a">000001</subfield>
   <subfield code="b">000001</subfield>
   <subfield code="d">2018-04-27</subfield>
   <subfield code="o">615.8 B105</subfield>
   <subfield code="p">MD.11049</subfield>
   <subfield code="r">2018-04-27</subfield>
   <subfield code="v">44000.00</subfield>
   <subfield code="w">2018-04-27</subfield>
   <subfield code="y">BK</subfield>
  </datafield>
  <datafield tag="952" ind1=" " ind2=" ">
   <subfield code="0">0</subfield>
   <subfield code="1">0</subfield>
   <subfield code="2">ddc</subfield>
   <subfield code="4">0</subfield>
   <subfield code="6">615_800000000000000_B105</subfield>
   <subfield code="7">0</subfield>
   <subfield code="9">7755</subfield>
   <subfield code="a">000001</subfield>
   <subfield code="b">000001</subfield>
   <subfield code="d">2018-04-27</subfield>
   <subfield code="l">5</subfield>
   <subfield code="o">615.8 B105</subfield>
   <subfield code="p">MD.11050</subfield>
   <subfield code="r">2021-04-16</subfield>
   <subfield code="s">2021-04-08</subfield>
   <subfield code="v">44000.00</subfield>
   <subfield code="w">2018-04-27</subfield>
   <subfield code="y">BK</subfield>
  </datafield>
  <datafield tag="980" ind1=" " ind2=" ">
   <subfield code="a">Thư viện Trường Đại học Nam Cần Thơ</subfield>
  </datafield>
 </record>
</collection>
